Normal view
MARC view
- Cheng Kwang-Ting
Entry Personal Name
001 - CONTROL NUMBER
- control field: 197438
003 - CONTROL NUMBER IDENTIFIER
- control field: OSt
005 - DATE AND TIME OF LATEST TRANSACTION
- control field: 20230714215234.0
008 - FIXED-LENGTH DATA ELEMENTS
- fixed length control field: 230714|| aca||aabn | a|a d
040 ## - CATALOGING SOURCE
- Original cataloging agency: OSt
- Transcribing agency: OSt
100 ## - HEADING--PERSONAL NAME
- Personal name: Cheng Kwang-Ting
670 ## - SOURCE DATA FOUND
- Source citation: Work cat.: (OSt)214988: Cheng Kwang-Ting, Unified Methods For VLSI Simulation And Test Generation, 1989